000 00451nam a2200181Ia 4500
001 15276
005 20260306165016.0
008 260306t2016||||xx |||||||||||||| ||spa||
041 _aESP
082 _a531.11
_bZ912
100 _aZacarías Santiago, Alejandro
_eAUT
245 0 _aDinámica:
_bmecánica para ingenieros
260 _c2016
300 _axii, 472 páginas :
_c27 cm.
650 _aGEN
654 _aCCN
942 _cLIB
_dJUS
_fJUS
_2ddc
_n
999 _c15276
_d15276